The distiny of civilization / (Record no. 39658)

MARC details
000 -LEADER
fixed length control field 00951nam a22002657a 4500
008 - FIXED-LENGTH DATA ELEMENTS--GENERAL INFORMATION
fixed length control field 081212t xxu||||| |||| 00| 0beng d
010 ## - LCCN (DPL NO)
LC control number ENG-98467
020 ## - INTERNATIONAL STANDARD BOOK NUMBER
Terms of availability 450.00
International Standard Book Number 9788174876072
020 ## - INTERNATIONAL STANDARD BOOK NUMBER
Terms of availability 450.00
International Standard Book Number 8174876073
035 ## - SYSTEM CONTROL NUMBER
System control number EN-82000
037 ## - SOURCE OF ACQUISITION
Source of stock number/acquisition DBAD / PUB
040 ## - CATALOGING SOURCE
Original cataloging agency dpl
Language of cataloging English
082 ## - DEWEY DECIMAL CLASSIFICATION NUMBER
Classification number 306
100 ## - MAIN ENTRY--PERSONAL NAME
9 (RLIN) 3724
Personal name Mukerjee, Radhakamal
245 ## - TITLE STATEMENT
Title The distiny of civilization /
Statement of responsibility, etc by Radhakamal Mukerjee ; edited by G.R. Madan
260 ## - PUBLICATION, DISTRIBUTION, ETC. (IMPRINT)
Place of publication, distribution, etc New Delhi
Name of publisher, distributor, etc Radha Publications
Date of publication, distribution, etc 2009
270 ## - ADDRESS
Address 4231/1, Ansari Road, Daryaganj
City New Delhi
Postal code 110002
300 ## - PHYSICAL DESCRIPTION
Extent 233p.
Dimensions 22cm (Hb)
500 ## - GENERAL NOTE
General note Includes bibliographical referencs and index
600 ## - SUBJECT ADDED ENTRY--PERSONAL NAME
Personal name Baba Visakha Singh
General subdivision Biography.
9 (RLIN) 3725
650 ## - SUBJECT ADDED ENTRY--TOPICAL TERM
9 (RLIN) 6086
Topical term or geographic name as entry element Civilization
700 ## - ADDED ENTRY--PERSONAL NAME
9 (RLIN) 6162
Personal name Madan, G.R.
942 ## - ADDED ENTRY ELEMENTS (KOHA)
Source of classification or shelving scheme Dewey Decimal Classification
Item type English Books
Call number suffix MUK
Classification part 306
Holdings
Withdrawn status Lost status Source of classification or shelving scheme Damaged status Not for loan Collection code Home library Current library Date acquired Source of acquisition Cost, normal purchase price Total Checkouts Full call number Barcode Date last seen Copy number Cost, replacement price Koha item type
    Dewey Decimal Classification   Not For Loan Non-fiction D.B.Act.Division D.B.Act.Division 06/08/2010 DBAD/PUB 450.00   306 MUK EN-82000 06/08/2010 1 450.00 English Books

© Delhi Public Library
Hit Counter
free hit counter